| 000 | 00901nam a22001937a 4500 | ||
|---|---|---|---|
| 999 |
_c62830 _d62830 |
||
| 003 | Ge_BSU | ||
| 005 | 20250305165302.0 | ||
| 008 | 250305s1965 ge ||||| |||| 00| 0 geo d | ||
| 041 | _ageo | ||
| 080 | _a611(075.8) ნ-19 | ||
| 100 |
_aნათიშვილი, ა. _923488 |
||
| 245 |
_aადამიანის ნორმალური ანატომია : _b[სახელმძღვ. სამედ. ინ-ტის სტუდენტებისათვის] / _cა. ნათიშვილი. |
||
| 250 | _aმე-2 გამოცემა | ||
| 264 |
_aთბილისი : _b განათლება, _c1965. |
||
| 300 |
_a624 გვ. : _b1ფ. პორტრ. ილ. ; _c 27 სმ. |
||
| 653 | _aადამიანის ნორმალური ანატომია | ||
| 653 | _aმედიცინა | ||
| 942 |
_2udc _cᲬᲘᲒᲜᲘ |
||